|
|
|
แสดงรายละเอียดบรรณานุกรม |
|
|
Brief Record
: Get Marc (ISO 2709)
: E-mail record
: |
| LEADER : 00000nam 2200000uu 4500 | |||
| 001 13399129162 | |||
| 003 ULIB | |||
| 008 260416s2567||||th 000 0 tha d | |||
| 020 ^a9789740318576 | |||
| 050 4 ^aLB1025.3^bท521ศ | |||
| 100 0 ^aทิศนา แขมมณี | |||
| 245 10 ^aศาสตร์การสอน :^bองค์ความรู้เพื่อการจัดกระบวนการเรียนรู้ที่มีประสิทธิภาพ /^cทิศนา แขมมณี | |||
| 250 ^aพิมพ์ครั้งที 27 | |||
| 260 ^aกรุงเทพฯ :^bสำนักพิมพ์แห่งจุฬาลงกรณ์มหาวิทยาลัย,^c2567 | |||
| 300 ^a(24), 512 หน้า :^bภาพประกอบ ;^c27 ซม. | |||
| 650 4 ^aการเรียนรู้ | |||
| 650 4 ^aการเรียนรู้ (จิตวิทยา) | |||
| 650 4 ^aการสอน | |||
| 999 ^aประนอม เกษจรัล | |||
| คุณยังไม่ได้ล็อกอิน คุณสามารถมีกิจกรรมร่วมกับเว็บไซต์ได้ แต่ต้องล็อกอินก่อน :: |
|
รายการสื่อสารสนเทศ |
| สถานะ | |||||
| 1. | หนังสือสำรอง สถานะ=หนังสือสำรอง | LB1025.3 ท521ศ ฉ.1 Barcode: 011938 | ►หนังสือทั่วไป | บนชั้น *เพิ่งรับคืน | |
| 2. | การศึกษาทั่วไป | LB1025.3 ท521ศ ฉ.2 Barcode: 011939 | ►หนังสือทั่วไป | บนชั้น *เพิ่งรับคืน | |
| 3. | การศึกษาทั่วไป | LB1025.3 ท521ศ ฉ.3 Barcode: 011940 | ►หนังสือทั่วไป | บนชั้น *เพิ่งรับคืน | |
| 4. | การศึกษาทั่วไป | LB1025.3 ท521ศ ฉ.4 Barcode: 011941 | ►หนังสือทั่วไป | ถูกยืม กำหนดส่งวันที่ จอง *เพิ่งรับคืน | |
BibComment |
| คอมเมนท์ทรัพยากรรายการนี้ |
|
| |
Copyright 2026. Bcnsprnw @Library |
|